书目信息 |
| 题名: |
热带园艺植物病理学
|
|
| 作者: | 张荣意 主编 | |
| 分册: | ||
| 出版信息: | 北京 中国农业科学技术出版社 2009 |
|
| 页数: | 316页 | |
| 开本: | 26cm | |
| 丛书名: | ||
| 单 册: | ||
| 中图分类: | S601 | |
| 科图分类: | ||
| 主题词: | 热带--园艺作物--植物病理学 , 热带 , 园艺作物 , 植物病理学 | |
| 电子资源: | ||
| ISBN: | 978-7-80233-780-0 | |
| 000 | 00985nam0 2200289 45 | |
| 001 | 1033124625 | |
| 005 | 20100407164533.70 | |
| 010 | @a978-7-80233-780-0@dCNY39.00 | |
| 100 | @a20100402d2009 em y0chiy50 ea | |
| 101 | 0 | @achi |
| 102 | @aCN@b110000 | |
| 105 | @aa z 000yy | |
| 106 | @ar | |
| 200 | 1 | @a热带园艺植物病理学@ARe Dai Yuan Yi Zhi Wu Bing Li Xue@f张荣意主编@FZhang Rong Yi Zhu Bian |
| 210 | @a北京@c中国农业科学技术出版社@d2009 | |
| 215 | @a316页@c图@d26cm | |
| 312 | @a封底英文题名:Tropical horticultural plant pathology | |
| 330 | @a本书内容包括:热带园艺植物病害的概念及症状、热带园艺植物病害的病原学、热带园艺植物病害的发生与发展等。 | |
| 510 | 1 | @aTropical horticultural plant pathology@zeng |
| 606 | 0 | @a热带@x园艺作物@x植物病理学 |
| 606 | 0 | @a热带 |
| 606 | 0 | @a园艺作物 |
| 606 | 0 | @a植物病理学 |
| 690 | @aS601@v4 | |
| 701 | 0 | @a张荣意@AZhang Rong Yi@c(植物病理学)@4主编 |
| 801 | 0 | @aCN@bTANGWEI@c20100407 |
| 905 | @b0588655-57@dS601@e185@f3 | |
| 热带园艺植物病理学/张荣意主编.-北京:中国农业科学技术出版社,2009 |
| 316页:图;26cm |
| ISBN 978-7-80233-780-0:CNY39.00 |
| 本书内容包括:热带园艺植物病害的概念及症状、热带园艺植物病害的病原学、热带园艺植物病害的发生与发展等。 |
| ● |
| 相关链接 |
|
|
|
|
正题名:热带园艺植物病理学
索取号:S601/185
 
预约/预借
| 序号 | 登录号 | 条形码 | 馆藏地/架位号 | 状态 | 备注 |
| 1 | 0588655 | 205886558 | 第二样本阅览室/ [索取号:S601/185] | 在馆 | |
| 2 | 0588656 | 205886567 | 第三借阅区/ [索取号:S601/185] | 在馆 | |
| 3 | 0588657 | 205886576 | 第三借阅区/ [索取号:S601/185] | 在馆 |